[Event "NH Chess Tournament"]
[Site "Amsterdam NED"]
[Date "2007.08.25"]
[Round "4"]
[White "Karjakin, Sergey"]
[Black "Nikolic, Pr"]
[Result "1-0"]
[WhiteElo "2678"]
[BlackElo "2646"]
[Annotator "de Dovitiis"]
[PlyCount "85"]
[EventDate "2007.08.22"]
[Source "Mark Crowther"]
[SourceDate "2007.08.27"]

1. e4 e5 2. Nf3 Nc6 3. Bb5 a6 4. Ba4 Nf6 5. O-O Be7 6. Re1 b5 7. Bb3 d6 8. c3
O-O 9. h3 Re8 ({RR} 9... Be6 10. d4 Bxb3 11. axb3 exd4 12. cxd4 Nb4 13. Nc3 c5
14. Bf4 Re8 15. Qd2 Qb6 16. d5 Nd7 17. Re2 Bf6 18. Rae1 Rac8 {
1/2-1/2 Kolarov,A-Lengyel,L/Luhacovice 1969/MCL (18)}) 10. d4 Bb7 $146 ({RR} 
10... h6 11. Nbd2 Bf8 12. a3 Bd7 13. Bc2 Qc8 14. Nf1 Qb7 15. Ng3 Na5 16. Nh2 c5
17. d5 Rac8 18. b3 Qc7 19. f4 c4 20. b4 Nb3 21. Rb1 Nxc1 22. Qxc1 Ra8 23. Rf1
a5 24. f5 axb4 25. axb4 Ra2 26. Rb2 Rea8 27. Rf3 R8a3 28. Nhf1 Qa7+ 29. Kh2 Ra1
30. Bb1 h5 31. Nd2 h4 32. Ne2 Be7 33. g4 Nh7 34. Qg1 Qxg1+ 35. Nxg1 Bg5 36. Nf1
Bc1 37. Rc2 Rxb1 38. Rff2 Bf4+ 39. Kg2 Raa1 40. Ne2 Ng5 41. Nxf4 exf4 42. Rxf4
f6 43. Rff2 Nxe4 44. Rfe2 Re1 45. Nh2 {
Avgousti,P-Hoyt,W/Lugano 1968/MCD/0-1 (56)}) 11. a4 Qc8 {
Una linea tranquila del esquema Zaitsev.} 12. Ng5 Nd8 13. Bc2 Bf8 14. Nd2 c6
15. b4 Ne6 16. Nb3 Nd7 17. Na5 Nxg5 18. Bxg5 Qc7 19. Nxb7 Qxb7 20. Bb3 $14 Nb6
21. axb5 axb5 22. Rxa8 Rxa8 23. dxe5 $1 {Asegura el ataque directo sobre f7.}
23... dxe5 24. Qe2 Be7 25. Be3 g6 26. g3 Nd7 27. f4 {
Las blancas buscan abrir el terreno de sus alfiles, ampliarlo.} 27... exf4 28.
gxf4 Qc7 29. e5 Nf8 30. Rf1 Ra3 31. Qb2 Ra6 32. f5 $1 c5 (32... Qxe5 33. Qf2 c5
) 33. Qf2 Qxe5 34. bxc5 gxf5 {Da lugar a la torre por la tercera fila.} 35. Bd4
Rg6+ $6 {La torre va a quedar mal colocada en g6.} 36. Kh1 Qe4+ 37. Qf3 Ne6 38.
Qxe4 fxe4 39. c6 Bd6 40. Bb6 $1 Kf8 (40... Bc7 41. Bxc7 Nxc7 42. Bxf7+) 41. c7
Bxc7 42. Bxc7 Ke7 (42... Nxc7 43. Rxf7+ Ke8 44. Rxc7 $18 e3 45. Rc5) 43. Ba5
1-0

[Event "8th ch-Euro"]
[Site "Dresden GER"]
[Date "2007.04.08"]
[Round "6"]
[White "Jianu, V."]
[Black "Najer, E."]
[Result "1-0"]
[WhiteElo "2506"]
[BlackElo "2624"]
[Annotator "de Dovitiis Alejo"]
[PlyCount "67"]
[EventDate "2007.04.03"]

1. d4 Nf6 2. c4 e6 3. Nf3 d5 4. Nc3 c6 {Se plantea la defensa semieslava.} 5.
e3 a6 6. b3 c5 {
Un contragolpe logico que lleva a los senderos de la defensa Tarrasch.} 7. cxd5
exd5 8. Bb2 Nc6 9. Be2 cxd4 10. Nxd4 Bd6 11. O-O O-O 12. Rc1 Qc7 13. g3 Bh3 14.
Re1 Rfd8 15. Bf3 Be5 $146 {Para luchar por la casilla de bloqueo.} (15... Qe7
16. Nxc6 bxc6 17. Ne2 Bb4 18. Nd4 Bxe1 19. Nxc6 Bxf2+ 20. Kxf2 Ne4+ 21. Ke2 Qg5
22. Nxd8 Rxd8 23. Qd4 Bg4 24. Qe5 Qg6 25. Qf4 Bxf3+ 26. Qxf3 a5 27. Ke1 h5 28.
Qf4 Re8 29. Kf1 Qe6 30. Kg2 f6 31. Rc7 Rc8 32. Bd4 Rxc7 33. Qxc7 Qg4 34. Qc2 h4
{0-1 Dambacher,M-Khalifman,A/Feugen AUT 2006}) 16. Na4 Re8 17. Nxc6 $1 Bxb2 18.
Nxb2 bxc6 19. Na4 $16 {Las blancas van a trabajar la formacion c6 y d5.} 19...
Rad8 20. Qd4 Ne4 21. Nc5 Qc8 22. Red1 h5 23. Be2 (23. Bxh5 Qf5) 23... h4 24.
Nxe4 Rxe4 25. Qc5 hxg3 26. hxg3 Bg4 {Desesperacion} 27. f3 Rde8 28. fxe4 Bxe2
29. Rd2 Qg4 30. Qd6 g5 {Evita Qf4 pero deja al enroque muy averiado.} 31. Re1
Bf3 32. Rh2 Bxe4 33. Rf1 Bd3 34. Rh8+ $3 (34. Rh8+ Kxh8 35. Qf6+ Kh7 36. Qxf7+
Kh8 (36... Kh6 37. Rf6+ Bg6 38. Qxg6#) 37. Qxe8+) 1-0

[Event "XXXVIII Open"]
[Site "Mar del Plata ARG"]
[Date "2007.04.02"]
[Round "4"]
[White "Rodriguez, And URU"]
[Black "Kanefsck, G."]
[Result "1-0"]
[WhiteElo "2538"]
[BlackElo "2390"]
[Annotator "de Dovitiis Alejo"]
[PlyCount "61"]
[EventDate "2007.03.31"]

1. f4 b6 2. e4 Bb7 3. Nc3 e6 4. Nf3 c5 {Se ha pasado a una siciliana cerrada.}
(4... d5 5. d3 dxe4 6. dxe4 Qxd1+ 7. Kxd1 Nf6 8. Bb5+ Nc6 9. a3 O-O-O+ 10. Bd3
h6 11. Re1 Be7 12. Ke2 Nd7 13. b4 g5 14. g3 gxf4 15. gxf4 Rhg8 16. Be3 Bf6 17.
Bd2 Rg2+ 18. Ke3 e5 19. f5 {
Hector,J-Rogers,I/Malmo 1993/CBM 036/[Blatny,P]/0-1 (44)}) (4... Bb4 5. Qe2 Nf6
6. d3 Bxc3+ 7. bxc3 d6 8. g3 Nbd7 9. Bg2 O-O 10. O-O Ne8 11. Ba3 Rb8 12. Rae1
Nc5 13. g4 Qd7 14. f5 Qa4 15. Bxc5 bxc5 16. fxe6 fxe6 17. Ng5 Rxf1+ 18. Qxf1
Qd7 19. e5 {
Sanz Perez,E-Tung,K/San Sebastian ESP 2006/The Week in Chess 621/1-0 (29)}) 5.
d3 d6 $146 (5... Nc6 6. g4 Nge7 7. f5 h5 8. Nb5 Qb8 9. fxe6 dxe6 10. Ng5 a6 11.
Na3 hxg4 12. Qxg4 Ne5 13. Qg3 N7g6 14. Bh3 Bd6 15. O-O Nh4 16. Rf4 Neg6 17.
Nxf7 Bxf4 18. Bxf4 Nxf4 19. Qxg7 Nxh3+ 20. Kh1 {
Schlenker,J-Scherer,M/Eppingen 2004/CBM 099 ext/0-1 (43)}) 6. g4 {
Agresivo, al estilo del blanco.} 6... h5 7. g5 g6 8. Bh3 Ne7 9. O-O Nbc6 10.
Qe1 Qd7 $2 (10... Bg7) 11. Nd5 $1 Bg7 12. Nf6+ Bxf6 13. gxf6 Ng8 14. f5 $1 gxf5
15. exf5 e5 16. Bg5 O-O-O 17. Qd2 Re8 18. Nh4 $16 {
Las negras no pueden sacar su ala rey} 18... Kb8 19. c3 d5 20. Rae1 Ka8 21. Bg2
Qd6 22. Ng6 $1 Rh7 (22... fxg6 23. fxg6) 23. Nxe5 Nxe5 24. d4 cxd4 25. cxd4
Nf3+ 26. Rxf3 Rc8 27. Rc3 Rf8 28. Rce3 Rd8 29. Re8 Rh8 30. Qb4 $1 Qd7 (30...
Qxb4 31. Rxd8+ Bc8 32. Bxd5+ Kb8 33. Bf4+) 31. Qf8 {
Una secuencia pujante, digna del ganador del torneo.} 1-0

[Event "8th ch-Euro"]
[Site "Dresden GER"]
[Date "2007.04.13"]
[Round "10"]
[White "Tkachiev, V."]
[Black "Iordachescu, V."]
[Result "1-0"]
[WhiteElo "2652"]
[BlackElo "2587"]
[Annotator "de Dovitiis Alejo"]
[PlyCount "71"]
[EventDate "2007.04.03"]

1. Nf3 Nf6 2. c4 g6 3. g3 Bg7 4. Bg2 d5 5. cxd5 Nxd5 6. d4 Nb6 7. Nc3 Nc6 8. e3
O-O 9. O-O Re8 10. Re1 e5 11. d5 Na5 12. e4 c6 13. b3 (13. Bg5 f6 14. Be3 Nac4
15. dxc6 Nxe3 16. Qxd8 Rxd8 17. cxb7 Bxb7 18. Rxe3 Bh6 19. Ree1 Nc4 20. Rad1
Kf8 21. h4 Rac8 22. Bh3 Rxd1 23. Rxd1 Nxb2 24. Rd7 Rxc3 25. Rxb7 Nc4 26. Nh2
Nd6 27. Rxh7 Bg7 {Karpov,A-Kasparov,G/Amsterdam 1988/CBM 007/1/2-1/2 (37)})
13... cxd5 14. exd5 Bg4 $146 (14... e4 15. Nxe4 Rxe4 ({RR} 15... Nxd5 16. Bg5
f6 17. Ne5 fxg5 18. Nxg5 Rxe5 19. Rxe5 Bxe5 20. Bxd5+ {
1/2-1/2 Adly,A-Lohou,S/Port Erin 2005/CBM 108 ext (20)}) 16. Rxe4 Bxa1 17. Bd2
Bf5 18. Re1 Bf6 19. Bxa5 Qxd5 20. Qxd5 Nxd5 21. Nd2 Bc3 22. Bxc3 Nxc3 23. Nc4
Nxa2 24. Nd6 Be6 25. Nxb7 Rc8 26. Na5 Rc1 27. Rxc1 Nxc1 28. b4 Na2 29. Nc6 a6
30. Bf1 Bd7 31. Nb8 Bb5 32. Nxa6 {1/2-1/2 Gagunashvili,M-Sutovsky,E/Rishon Le
Zion ISR 2006/The Week in Chess 618 (32)}) 15. Ba3 $1 {
Las blancas valorizan su peon dama y el juego de piezas por sobre el material.}
15... e4 16. Nxe4 Qxd5 (16... Bxa1 17. Qxa1 $40) 17. Qxd5 Nxd5 18. Rac1 Nc6 19.
Nd6 $1 Rxe1+ 20. Rxe1 $16 Ndb4 21. Bxb4 Nxb4 22. Ng5 $1 {Mira f7 y b7.} 22...
f6 23. Bxb7 Rb8 24. Ngf7 Nxa2 $2 (24... a5) 25. Re7 Bf8 26. Nh6+ $1 Kh8 (26...
Bxh6 27. Bd5+ Kh8 28. Nf7+ Kg7 29. Rxa7) 27. Ndf7+ Kg7 28. Rc7 Be6 29. Ng5+
Kxh6 30. Nxe6 Bd6 31. Rd7 Nc3 32. h4 Ba3 33. g4 $22 Bc1 34. Kf1 Re8 35. Nd8 Rf8
36. Ba6 {Brillante juego del nuevo campeon europeo.} 1-0

[Event "8th ch-Euro"]
[Site "Dresden GER"]
[Date "2007.04.14"]
[Round "11"]
[White "Jakovenko, D."]
[Black "Volokitin, And"]
[Result "1-0"]
[WhiteElo "2708"]
[BlackElo "2654"]
[Annotator "de Dovitiis Alejo"]
[PlyCount "69"]
[EventDate "2007.04.03"]

1. e4 c5 2. Nf3 d6 3. d4 cxd4 4. Nxd4 Nf6 5. Nc3 a6 6. Be2 e6 7. a4 Nc6 8. Be3
Be7 9. O-O O-O 10. f4 Qc7 11. Kh1 Re8 12. Bd3 Nb4 13. a5 Bd7 14. Qe1 Rac8 (
14... Nxd3) 15. Qg3 Nh5 16. Qf3 Nf6 17. g4 (17. Qg3 Nh5 18. Qf3 Nf6 19. Qg3 Nh5
20. Qf3 Nf6 21. Qg3 {
1/2-1/2 Ruan Lufei-Wang Pin/Wuxi CHN 2006/The Week in Chess 609 (21)}) 17... e5
$2 $146 (17... Bc6 18. g5 Nd7 19. f5 Ne5 20. Qh3 exf5 21. Nxf5 d5 22. Bd4 Bf8
23. exd5 Nexd3 24. cxd3 Nxd5 25. Ne4 Nf4 26. Qf3 Nxd3 27. Nh6+ Kh8 28. Nxf7+
Kg8 29. Nh6+ Kh8 30. Nf7+ Kg8 31. Nh6+ Kh8 {
1/2-1/2 Smirin,I-Cvitan,O/Zagreb 1993/CBM 035 (31)}) 18. Nf5 exf4 19. Bb6 $1
Qc6 (19... Qb8) 20. g5 $18 Nxe4 (20... Bxf5 21. gxf6) 21. Bxe4 d5 22. Nxd5 Bxg5
23. Nc3 Rxe4 24. Nxe4 Qg6 25. Nxg5 Qxg5 26. Nd4 {Ya era hora de abandonar.}
26... Nxc2 27. Rac1 Ne3 28. Rxc8+ Bxc8 29. Rg1 Qh4 30. Qe4 Bd7 31. Qe5 g6 32.
Qb8+ Kg7 33. Bc5 Kh6 34. Qf8+ Kh5 35. Qxf7 1-0

[Event "FIDE Candidate Matches"]
[Site "Elista, Russia"]
[Date "2007.05.27"]
[Round "?"]
[White "GM_Carlsen"]
[Black "GM_Aronian"]
[Result "0-1"]
[WhiteElo "2693"]
[BlackElo "2759"]
[Annotator "de Dovitiis"]
[PlyCount "72"]
[EventDate "2007.??.??"]

1. e4 e5 2. Nf3 Nc6 3. Bb5 a6 4. Ba4 Nf6 5. O-O Be7 6. d3 {
Anti Marshall pero mas pasiva.} 6... b5 7. Bb3 d6 8. a4 Rb8 9. axb5 axb5 10.
Nc3 O-O 11. h3 Nb4 $146 {Una novedad para impedir Nd5 blanco.} ({RR} 11... b4
12. Nd5 Nxd5 13. exd5 Nd4 14. Nxd4 exd4 15. Bd2 f5 16. Re1 f4 17. Qf3 Bh4 18.
Re4 g5 19. Rae1 Bf5 20. Re6 Qd7 21. Qh5 Bg6 22. Rxg6+ hxg6 23. Qxg6+ Qg7 24.
Qe6+ Qf7 25. Ba4 f3 26. g3 Bxg3 27. Bxg5 Be5 28. Bd7 b3 29. cxb3 Rxb3 30. Kh1
Rxb2 31. Rg1 Kh8 32. Qh6+ {1-0 Pilnik,H-Garcia,R/Buenos Aires 1958/MCL (32)}) (
{RR} 11... Be6 12. Bxe6 fxe6 13. d4 exd4 14. Nxd4 Nxd4 15. Qxd4 c5 16. Qd3 d5
17. exd5 exd5 18. Rd1 d4 19. Nxb5 Ne4 20. Qxe4 Rxb5 21. Ra7 Bf6 22. Re1 Rb8 23.
b3 Re8 24. Qxe8+ Qxe8 25. Rxe8+ Rxe8 26. Kf1 {
Tarrasch,S-Leonhardt,P/San Sebastian 1912/HCL/1-0 (59)}) ({RR} 11... Nd7 12.
Be3 Qe8 13. Nd5 Bd8 14. c3 Nc5 15. Bc2 f5 16. b4 fxe4 17. dxe4 Ne6 18. Kh2 Kh8
19. Ng1 Ne7 20. Nxe7 Bxe7 21. Qe2 Bf6 22. Qf3 Qg6 23. Kh1 Ng5 24. Bxg5 Bxg5 25.
Qg3 Qf6 26. Ne2 {Secchi Vigneau,E-Peredo,A/Cordoba 1960/MCL/0-1 (60)}) 12. Ne2
c5 13. Ng3 Be6 $11 14. Bxe6 fxe6 15. c3 Nc6 16. Re1 Qd7 17. d4 (17. Bg5) 17...
exd4 18. cxd4 c4 $5 19. Bg5 h6 20. d5 $6 (20. Bxf6 $142) 20... exd5 21. Bxf6
Bxf6 22. Qxd5+ Rf7 23. Qd2 Ne5 $1 {Las negras con simpleza mejoran sus piezas.}
24. Nxe5 Bxe5 $17 25. Ne2 (25. Nf5 d5 26. Rad1 Rd8) 25... Rbf8 26. Rf1 Rf3 $1 {
A lo Aronian} 27. Ra3 (27. gxf3 Rxf3 28. Qd5+ Kh7 29. Ra8 Qxh3 30. Qg8+ Kg6 31.
Qe8+ Kg5 32. Qe7+ Kh5 33. Qe8+ g6 $19) 27... Rxa3 28. bxa3 Qc6 29. Nd4 Bxd4 30.
Qxd4 Ra8 {El peon c4 y la mejor torre deciden el pleito} 31. Ra1 c3 32. Qb4 Qc5
$1 33. Qb3+ (33. Qxc5 dxc5 34. Rb1 b4 35. axb4 cxb4 36. Rxb4 c2 37. Rc4 Ra1+
$19) 33... Kh8 34. Ra2 Ra4 35. Re2 (35. Qc2 Rxa3 36. Rxa3 Qxa3 $19) 35... Rxa3
36. Qd1 Ra8 0-1

[Event "RUS-ch"]
[Site "Elista"]
[Date "1996.??.??"]
[Round "5"]
[White "Sorokin, Maxim"]
[Black "Bareev, Evgeny"]
[Result "1-0"]
[WhiteElo "2550"]
[BlackElo "2655"]
[Annotator "de Dovitiis"]
[PlyCount "89"]
[EventDate "1996.10.15"]
[Source "ChessBase"]
[SourceDate "2004.01.01"]

1. Nf3 d5 2. d4 Nf6 3. c4 c6 4. Nc3 dxc4 5. a4 Na6 (5... Bf5 6. Ne5 e6 7. f3 (
7. e3) 7... Bb4 8. e4 Bxe4 9. fxe4 Nxe4 10. Bd2 {es la linea principal}) 6. e3
Bg4 7. Bxc4 e6 8. h3 Bh5 9. Qe2 Nb4 10. O-O Be7 11. g4 Bg6 12. e4 Nd7 13. Bf4
O-O 14. Rad1 Re8 15. Bg3 $146 ({RR} 15. Kg2 Rc8 16. Bg3 a6 17. Ne5 b5 18. Bb3
Nf8 19. f4 f6 20. Nxg6 hxg6 21. f5 Bd6 22. Bxd6 Qxd6 23. e5 fxe5 24. f6 Red8
25. Ne4 Qc7 26. Qe1 {1-0 Wells,P-Forchert,M/Vienna 1998/EXT 2000 (26)}) 15...
h6 16. Ne1 Bh7 17. f4 {Las blancas juegan con el espacio.} 17... Nb6 18. Bb3 c5
$1 19. dxc5 Bxc5+ 20. Kh2 Qe7 21. f5 Nc6 22. fxe6 fxe6 23. Nb5 Kh8 24. Nc7 Nd4
25. Rxd4 Bxd4 26. Nxa8 Nxa8 (26... Rxa8) 27. Nf3 e5 28. Rd1 Qb4 29. Qb5 $1 {
Tipico en Maxim el cambio de damas para incrementar la ventaja posicional.}
29... Qxb5 30. axb5 Bxb2 (30... Bxe4 $142) 31. Bd5 a6 32. Bxb7 axb5 33. Rb1 Bd4
34. Rxb5 $16 Nc7 $4 35. Nxd4 $18 Nxb5 (35... exd4 36. Bxc7) 36. Nxb5 Re6 37.
Bd5 Rb6 38. Nc3 Rb2+ 39. Kg1 Bg6 40. Bxe5 Be8 41. Bf4 Rc2 42. Nd1 Bb5 43. Ne3
Rc3 44. Kf2 {
Sacado el rey del encierro en la primera linea todo se halla decidido.} 44...
Kh7 45. h4 1-0

[Event "Open"]
[Site "Moscow RUS"]
[Date "2007.01.28"]
[Round "2"]
[White "Sorokin, M."]
[Black "Guseva, M."]
[Result "1-0"]
[WhiteElo "2547"]
[BlackElo "2305"]
[Annotator "de Dovitiis"]
[PlyCount "57"]
[EventDate "2007.01.27"]
[Source "Mark Crowther"]
[SourceDate "2007.01.29"]

1. c4 e6 2. Nc3 d5 3. d4 c6 4. Nf3 dxc4 5. Bg5 ({RR} 5. a4 Bb4 6. g3 a5 7. Ne5
Nf6 8. Bg2 Nd5 9. Bd2 Nb6 10. e3 N8d7 11. f4 O-O 12. Ne4 f6 13. Nxd7 Qxd7 14.
O-O Nd5 15. g4 b6 16. Rf3 f5 17. Nf2 Ba6 18. Rh3 Rad8 19. Bxb4 axb4 {
Seirawan,Y-Kortschnoj,V/Bad Kissingen 1981/MCL/1/2-1/2 (32)}) ({RR} 5. e3 b5 6.
a4 Bb4 7. Nd2 Qb6 8. Qg4 Kf8 9. g3 Nf6 10. Qf3 Bb7 11. Bg2 a6 12. O-O Nbd7 13.
Na2 Bd6 14. b3 cxb3 15. Nxb3 Ke7 16. Bd2 Rab8 17. Na5 Ba8 18. Nb4 Nd5 19.
Naxc6+ Bxc6 {Speelman,J-Flear,G/London 1986/MCL/0-1 (80)}) 5... f6 6. Bd2 $146
({RR} 6. Bh4 b5 7. e3 Nd7 8. Be2 Ne7 9. O-O Nd5 10. Qc2 Be7 11. Rfe1 O-O 12. e4
Nxc3 13. bxc3 a6 14. Rad1 Bb7 15. Nd2 Nb6 16. Bg4 Bc8 17. Nf1 Qe8 18. Ne3 Bd6
19. Bf3 Bb7 20. d5 Be5 {Ragozin,V-Gusev,Y/Moscow 1947/MCD/0-1 (65)}) 6... b5 7.
a4 Qb6 {Las negras se arriesgan a mantener el peon de mas. Pero ello implica
serios riesgos derivados del atraso en el desarrollo.} 8. axb5 cxb5 9. b3 Bb4
10. bxc4 Bxc3 11. Bxc3 b4 {En la variante Noteboom se ve esta maniobra, pero
aca el blanco posee el par de alfiles} 12. Qb1 Nc6 13. d5 $1 {
Conceptual: abre la posicion con el par de alfiles.} 13... exd5 14. cxd5 Qc5 (
14... bxc3 $4 15. Qxb6 axb6 16. Rxa8 $18) 15. Bb2 Qxd5 16. e4 Qc5 17. Qa2 $1 {
Da paso a la torre e impide el enroque negro.} 17... Nge7 18. Rc1 Qb6 19. Bc4
a5 20. O-O a4 21. e5 $1 f5 22. Bf7+ Kf8 23. e6 h6 {
Las negras quieren desahogarse pero les espera una ingrata sorpresa.} 24. Bxg7+
$3 {Desmantelamiento de la cobertura del rey.} 24... Kxg7 25. Qa1+ Kh7 26. Qf6
Rf8 27. Rc4 {Las blancas suman fuerzas de forma decisiva.} 27... Nd8 28. Rh4
Nxf7 29. Ng5+ $3 (29. Ng5+ Kg8 (29... Nxg5 30. Rxh6+ Kg8 31. Rh8#) 30. exf7+
Rxf7 31. Qxf7+ Kh8 32. Qh7# {Un bonito ejemplo de tiempo contra material en
plena apertura. Una demostracion de que un gran jugador, por mas posicional
que sea, puede realizar una gran faena tactica debido a su cabal entendimiento
del juego.}) 1-0

[Event "Rapid Match"]
[Site "Yerevan ARM"]
[Date "2007.05.05"]
[Round "4"]
[White "Aronian, L."]
[Black "Kramnik, V."]
[Result "1-0"]
[WhiteElo "2759"]
[BlackElo "2772"]
[Annotator "de Dovitiis"]
[PlyCount "85"]
[EventDate "2007.05.04"]

1. d4 d5 2. c4 c6 3. Nf3 Nf6 4. Nc3 e6 5. e3 Nbd7 6. Qc2 Bd6 7. g4 dxc4 8. Bxc4
Nd5 9. Ne4 (9. Bd2 b6 10. e4 Nxc3 (10... Nb4 11. Qb3 O-O 12. a3 Na6 13. e5 Be7
14. Bd3 Nac5 15. Bxh7+ Kxh7 16. Qc2+ Kg8 17. dxc5 Nxc5 18. O-O-O Nd3+ 19. Kb1
c5 20. Bg5 c4 21. Ne4 Bb7 22. Bxe7 Qxe7 23. Nfg5 Bxe4 24. Nxe4 Nxe5 25. g5 {
Sandeep,Y-Ramesh,R/Hyderabad IND 2006/The Week in Chess 591/0-1 (53)}) 11. Bxc3
Bb7 12. O-O-O b5 13. Bd3 Qb6 14. b4 a5 15. bxa5 Rxa5 16. Bxa5 Qxa5 17. Nd2 c5
18. dxc5 Nxc5 19. Nb3 Qa3+ 20. Kb1 Nxd3 21. Qxd3 O-O 22. f3 Be5 23. Rd2 Ba6 {
Gelfand,B-Lautier,J/Dos Hermanas 1994/Informador 60/[Lautier,J]/1/2-1/2 (50)})
9... Be7 10. Bd2 b6 11. Ng3 O-O $146 {Una decision temeraria pero logica, el
rey no puede quedar mucho tiempo en el centro del tablero.} (11... Bb7 12. e4
Nb4 (12... Nc7 13. O-O-O a5 14. h4 a4 15. a3 b5 16. Ba2 Na6 17. Kb1 O-O 18. h5
c5 19. dxc5 Naxc5 20. h6 g6 21. Bb4 Rc8 22. Qe2 Qc7 23. Nd4 Ba6 24. Qe3 Ne5 25.
g5 Rfd8 26. f4 Nc4 27. Qc3 {
Rawlings,A-Diaz Rubi,F/Russia 2000/Corr 2002/0-1 (42)}) 13. Qb3 a5 14. a3 Na6 (
14... a4 15. Qc3 Na6 16. Nh5 Rg8 17. h4 b5 18. Ba2 g6 19. Nf4 c5 20. d5 c4 21.
dxe6 fxe6 22. Nxe6 Qb6 23. Nfd4 Ndc5 24. Nxb5 Nxe6 25. Qxc4 Nac5 26. Be3 Rf8
27. O-O Ba6 28. Qxe6 Qxb5 29. Bxc5 {
Wells,P-Supatashvili,K/Oberwart 1994/EXT 98/1-0 (40)}) 15. O-O O-O 16. Rfe1 b5
17. Bf1 b4 18. axb4 Nxb4 19. Bc3 c5 20. Red1 Qb6 21. d5 exd5 22. Bxg7 Kxg7 23.
Nf5+ Kh8 24. Nxe7 Qe6 25. Nf5 Qxe4 26. h3 {
Krivoshey,S-Orzechowski,J/Katowice 1995/EXT 2000/1/2-1/2 (40)}) 12. e4 Nb4 13.
Qb3 c5 14. Bxb4 cxb4 15. O-O {Raro, con el enroque debilitado el blanco enroca,
el estilo pragmatico de Aronian.} 15... a6 16. Qe3 b5 (16... h6 17. d5) 17. Bd3
Bb7 18. g5 Rc8 19. Rad1 Qb6 20. Bb1 {Las blancas tienen mucho espacio.} 20...
Rfd8 21. h4 Nf8 22. h5 $1 {Al ataque.} 22... Rc7 23. Qf4 Bd6 24. e5 Be7 25. Be4
$16 Bc8 26. Bb1 Bb7 27. Be4 Bc8 28. Kh2 {Levon va por mas.} 28... Rcd7 29. Bb1
Bb7 30. Ne4 {
Se ve venir el ataque blanco producto de su supremacia territorial.} 30... Bxe4
31. Bxe4 g6 32. hxg6 Nxg6 33. Qe3 Bf8 34. Kg2 {/\ Rh1.} 34... Bg7 35. Rh1 Qb8
36. Rc1 Qa7 37. Rh3 Rxd4 $2 {
Error en apuro de tiempo, pero tras Rh1 no habia escape.} 38. Rd1 $1 Nf4+ (
38... Rxd1 39. Qxa7 $18) 39. Kh2 {!Jugando todo al toque!} 39... Ne2 (39...
Nxh3 40. Kxh3) 40. Rd2 $1 Bxe5+ 41. Nxe5 Qc7 42. Bxh7+ Kf8 43. Rxe2 {
Dos piezas de ventaja y ataque: arrasador.} 1-0

[Event "MTel"]
[Site "Sofia, Bulgaria"]
[Date "2007.05.11"]
[Round "?"]
[White "GM_Topalov"]
[Black "GM_Adams"]
[Result "1/2-1/2"]
[WhiteElo "2772"]
[BlackElo "2734"]
[Annotator "de Dovitiis"]
[PlyCount "98"]
[EventDate "2007.??.??"]

1. d4 Nf6 2. c4 e6 3. Nf3 b6 4. g3 Ba6 5. b3 Bb4+ 6. Bd2 Be7 7. Bg2 c6 8. Bc3
d5 9. Ne5 Nfd7 10. Nxd7 Nxd7 11. Nd2 O-O 12. O-O Rc8 13. Re1 c5 14. cxd5 exd5
15. e3 $146 {
Interesante maniobra posicional para dejar al negro con el peon aislado.} (15.
Qb1 Nf6 16. Qb2 Re8 17. a3 Qd7 18. Rac1 Rc7 19. e3 Rec8 20. dxc5 bxc5 21. Be5
Rb7 22. h3 Rb6 23. Qa1 Bb7 24. Red1 Qe6 25. Bc3 Bc6 26. Re1 Qd7 27. Red1 Qe6
28. Re1 Qd7 29. Red1 {1/2-1/2 Petrosian,T-Timman,J/Tilburg 1982/MCD (29)}) (15.
Rc1 Nf6 16. e3 Bb7 17. Rc2 cxd4 18. Bxd4 Qd7 19. Rxc8 Rxc8 20. Qb1 h5 21. Rd1
Qe6 22. Rc1 g6 23. h3 Rxc1+ 24. Qxc1 Qc6 25. Qb1 Ne4 26. Nf3 Ba3 27. Be5 Qc1+
28. Qxc1 Bxc1 29. a4 Ba3 {Aronian,L-Leko,P/Morelia/Linares MEX/ESP 2006/The
Week in Chess 590/1/2-1/2 (45)}) ({RR} 15. Bh3 Rc7 16. Qb1 Re8 17. Qb2 Bf8 18.
Bf1 Qc8 19. Nf3 {1/2-1/2 Portisch,L-Timman,J/Tilburg 1982/MCD (19)}) (15. e4
cxd4 16. Bxd4 Bc5 17. Bxc5 Nxc5 18. exd5 Nd3 19. Re3 Nb4 20. Re4 Nc2 21. Rc1
Bd3 22. Rf4 g5 23. Ra4 b5 24. Rxa7 Be2 25. Qxe2 Nd4 26. Qe5 Rxc1+ 27. Bf1 Qb6
28. Qxg5+ Kh8 29. Qe5+ Kg8 30. Qg5+ Kh8 31. Qe7 Kg8 32. Kg2 Rc2 33. Ne4 Qg6 34.
Bd3 Nf5 35. Qg5 Rb2 36. Nf6+ Kg7 37. Nh5+ {
1-0 Sjoberg,M-Wells,P/Hamar 1983/MCD (37)}) 15... Nf6 16. Qb1 Qd7 17. Qb2 cxd4
$1 {Valiente decision pero que Adams justificara con dinamismo de piezas, lo
que suele otorgar el peon aislado.} 18. Bxd4 Bd3 $1 {/\ Rc2.} 19. Rac1 h5 20.
Nf3 {Si no h4.} 20... Be4 21. Ne5 Qe6 22. f3 Bf5 23. b4 Rfe8 24. b5 $6 (24. a3)
24... Rxc1 25. Rxc1 Bc5 $1 {el caballo blanco esta en problemas} 26. Qc3 Bh3
27. Re1 h4 28. Nc6 Nd7 29. Bxg7 $6 hxg3 30. hxg3 Qg6 31. Bxh3 Qxg3+ {
La transicion favorece al negro.} 32. Bg2 Qxg7 33. Qxg7+ Kxg7 34. Kf2 f5 $1 35.
f4 $8 Nf6 36. Bf3 Ne4+ 37. Ke2 Nc3+ 38. Kd3 Nxb5 39. Ne5 $1 Kf6 40. a4 Nc7 41.
Rh1 {Las blancas han logrado contrajuego} 41... Rxe5 {
Buscando la chance con dos peones por la calidad.} 42. fxe5+ Kxe5 43. Rh7 $1
Ne6 (43... Bd6) 44. Rxa7 b5 45. Ra8 bxa4 46. Rxa4 f4 {Rumbo al empate.} 47.
exf4+ Nxf4+ 48. Rxf4 Kxf4 49. Bxd5 Ke5 1/2-1/2